000 00608nam a2200241Ia 4500
003 OSt
005 20221007111104.0
006 a|||||r|||| 00| 0
007 ta
008 221006b |||||||| |||| 00| 0 eng d
024 _a22,541
037 _cTextual
040 _aLCO
_cLCO
_beng
041 _2eng
_aeng
082 _aX724y8, L5
100 _aBhatnagar K.B.
245 0 _aDigest of Income Tax Cases
260 _aAllahabad
_bCentral Law Agency
_c1975
300 _a406
650 _aINCOME TAX
942 _hX724y8, L5
_cTEXL
999 _c1192104
_d1192104